The Pearl Millet Improvement Program : objectives, organization, and progress, September 1981.

Bibliographic Details
Corporate Author: International Crops Research Institute for the Semi-Arid Tropics
Format: Book
Language:English
Published: Patancheru, Andhra Pradesh, India : International Crops Research Institute for the Semi-arid Tropics, [1981]
Subjects:

MARC

Tag First Indicator Second Indicator Subfields
LEADER 00000cam a2200000 a 4500
001 in00000437745
005 20151012073334.0
008 850813s1981 ii a b 00010 eng
010 |a  82903099  
035 |a (OCoLC)12551471 
035 |9 ABX0490AM 
039 0 |a 2  |b 3  |c 3  |d 3  |e 3 
040 |a DLC  |c DLC  |d TXA  |d UtOrBLW 
049 |a TXAM  |c [A08397319] 
050 0 0 |a SB191.P4  |b I58 1981 
082 0 |a 633.1/717  |2 19 
110 2 |a International Crops Research Institute for the Semi-Arid Tropics. 
245 1 4 |a The Pearl Millet Improvement Program :  |b objectives, organization, and progress, September 1981. 
264 1 |a Patancheru, Andhra Pradesh, India :  |b International Crops Research Institute for the Semi-arid Tropics,  |c [1981] 
300 |a 31 leaves :  |b illustrations ;  |c 29 cm. 
336 |a text  |b txt  |2 rdacontent 
337 |a unmediated  |b n  |2 rdamedia 
338 |a volume  |b nc  |2 rdacarrier 
500 |a Cover title. 
500 |a "September 1981." 
500 |a "PM-53." 
504 |a Includes bibliographical references. 
650 0 |a Pearl millet. 
650 0 |a Pearl millet  |x Breeding. 
999 |a MARS 
999 f f |s 5544c59a-1e35-30d6-8701-96289aa580df  |i 0cf95d41-2a52-3ab4-80c6-f6364c925de8  |t 0 
952 f f |p ric  |a Texas A&M University  |b Rellis Campus  |c Joint Library Facility  |d Remote Storage  |t 0  |e SB191.P4 I58 1981  |h Library of Congress classification  |i unmediated -- volume  |m A14808397319 
998 f f |a SB191.P4 I58 1981  |t 0  |l Remote Storage